00966nas a2200229Ia 4500001001100000003000900011008004100020040001300061040001300074041001300087100004200100210001200142222001200154245010800166250001100274260002200285501008600307300001800393362003500411500024700446650004300693R142/77681IT-RoPAU151124c99999999xx |||||||||||| ||und|| aIT-RoPAU cIT-RoPAU aFRANCESE aNoam Eli M.gCodice Aut. SPICS: 46045 aRESEAUX aReseaux aRESEAUX, N.056 (NOVEMBRE/DICEMBRE 1992)bReseau Public De Telecommunications (Le): un Concept Qui Bouge a1a ed. aPARISbCNETc1992 bPaulus - SPICS - Società San Paolo EM (non-commercial uses only)cCopyright2015 a18 p. [75-92] aN.056 (NOVEMBRE/DICEMBRE 1992) aRete Pubblica di Telecomunicazione: Concetto in Movimento. Un Po' di Storia Sulle Telecomunicazioni Negli Stati Uniti. Stadio Industriale. Convergenze Delle Tecnologie. Sistema Pubblico Come Elemento Centrale. Reti a Immagine della Società. aCOMUNICAZIONEvPUBBLICAZIONE PERIODICA